000
00289nam a22001097a 4500
008
160513b xxu||||| |||| 00| 0 eng d
020
_a
0914362461
041
_a
eng
080
_a
611
245
_a
Pediatric education in the 21 st century:
_c
Cbaired by Barry Zuckerman M.D;
942
_2
udc
_c
BK
999
_c
2149
_d
2149